Finančné podvody. Elektronické bankovníctvo

Hackeri a ich trestná činnosť. Počítačové vírusy, červy, spyware, keylogery, pharming, phishing. Zneužitie internetového bankovníctva.

Na minha lista:
Detalhes bibliográficos
Autor principal: Korauš, Antonín
Formato: Capítulo de Livro
Idioma:eslovaco
Assuntos:
Tags: Adicionar Tag
Sem tags, seja o primeiro a adicionar uma tag!

MARC

LEADER 00000naa a2200000 4500
001 0126860
005 20240502083320.9
041 0 |a slo 
044 |a CZ 
245 1 0 |a Finančné podvody. Elektronické bankovníctvo  |c Anton Korauš 
520 |a Hackeri a ich trestná činnosť. Počítačové vírusy, červy, spyware, keylogery, pharming, phishing. Zneužitie internetového bankovníctva. 
610 2 0 |a bankovníctvo elektronické 
610 2 0 |a podvody 
610 2 0 |a vírusy 
610 2 0 |a činnosť trestná 
100 1 |a Korauš, Antonín